Statistics for Movies by Letter - L

Click here to take the quiz!

General Stats

  • This quiz has been taken 21 times
  • The average score is 10 of 25

Answer Stats

HintAnswer% Correct
Scarlett Johansson and Bill Murray bond in JapanLost in Translation
79%
Setting of Blow-Up, Alfie, Dirty Pretty Things, Match Point, and Sliding DoorsLondon
74%
World War I epic starring Peter O'TooleLawrence of Arabia
68%
Played by Walter Huston, Henry Fonda, Brendan Fraser, and Daniel Day-LewisAbraham Lincoln
63%
Fist of Fury starBruce Lee
63%
First name of Triumph of the Will director RiefenstahlLeni
63%
Director of enigmatic films like Mulholland Drive and Lost HighwayDavid Lynch
58%
Country of The Insult, West Beirut, Capernaum, and Heaven Without PeopleLebanon
58%
Fictional weapon powered by a kyber crystallightsaber
58%
Last name of the French brothers who patented the first movie cameraLumière
58%
Director of the aboveDavid Lean
53%
Curly and Moe's constant companionLarry
53%
Star of Touch of Evil, Little Women, Bye Bye Birdie, and PsychoJanet Leigh
47%
Star of Safety Last and other silent comediesHarold Lloyd
32%
Director of the Before trilogyRichard Linklater
32%
1989 film that launched Disney's animated renaissanceThe Little Mermaid
32%
Singer and actor in As Tears Go By, Infernal Affairs, and House of Flying DaggersAndy Lau
26%
1985 fantasy film with Matthew Broderick, Michelle Pfeiffer, and a falconLadyhawke
21%
Bill Cosby spy thriller with an evil vegetarian and flying ostrichLeonard Part 6
21%
Baby's species in Bringing Up Babyleopard
21%
Charlie Chaplin's autobiographical swansongLimelight
21%
British kitchen sink film about a criminal and runner directed by Tony RichardsonThe Loneliness of the Long Distance Runner
16%
1943 MGM animal film that launched ten more films, plus radio plays, books, and television seriesLassie Come Home
11%
Steve James's portrait of Roger EbertLife, Itself
11%
Studio of Coraline, The Boxtrolls, and ParaNormanLaika Entertainment
0%

Score Distribution

Percentile by Number Answered

Percent of People with Each Score

Your Score History

You have not taken this quiz